Chí Phèo = Tchi Pheo
Uloženo v:
| Hlavní autor: | |
|---|---|
| Médium: | Kniha |
| Jazyk: | Undetermined |
| Vydáno: |
Hà Nội
Ngoại văn
1983
|
| Témata: | |
| Tagy: |
Přidat tag
Žádné tagy, Buďte první, kdo otaguje tento záznam!
|
| Thư viện lưu trữ: | Trung tâm Học liệu Trường Đại học Cần Thơ |
|---|
| LEADER | 00473nam a2200181Ia 4500 | ||
|---|---|---|---|
| 001 | CTU_46577 | ||
| 008 | 210402s9999 xx 000 0 und d | ||
| 082 | |a 895.922331 | ||
| 082 | |b N104cf/1983 | ||
| 100 | |a Nam Cao | ||
| 245 | 0 | |a Chí Phèo | |
| 245 | 0 | |b = Tchi Pheo | |
| 245 | 0 | |c Nam Cao | |
| 260 | |a Hà Nội | ||
| 260 | |b Ngoại văn | ||
| 260 | |c 1983 | ||
| 650 | |a vietnamese fiction - 1930 - 1945 | ||
| 980 | |a Trung tâm Học liệu Trường Đại học Cần Thơ | ||